000 00684nam a2200217Ia 4500
005 20250923145320.0
008 008 250917s9999 xx 000 0 eng d
037 _aTextual
040 _aDSWL
_beng
_cDSWL
041 _aeng
_2eng
084 _aY0bT:236, N74
_qDSWL
100 _aRanade, S.N.
_9833985
245 0 _aField studies in the sociology of education : The report of the Punjab
_cby S.N. Ranade
260 _aNew Delhi
_b National Council of Vocational Research & Training
_c1974
300 _aix,348 p.
365 _aINR
_b22 . 0
700 _a T.K. Oommen
_9833986
925 _g22 . 0
942 _cTEXL
_hY0bT:236, N74
999 _c1449866
_d1449866